| 000 | nam a22 7a 4500 | ||
|---|---|---|---|
| 999 |
_c50511 _d50511 |
||
| 003 | OSt | ||
| 005 | 20210223165115.0 | ||
| 008 | 210223b xxu||||| |||| 00| 0 eng d | ||
| 040 | _cIIMT UNIVERSITY MEERUT | ||
| 100 | _aSHINDE, SACHIN D | ||
| 245 | _aA TEXT BOOK OF QUALITY CONTROL AND STANDARDIZATION OF HERBALS | ||
| 260 |
_bPEE VEE BOOKS _c2020 |
||
| 300 | _a198 | ||
| 942 |
_2ddc _c02 |
||